| 000 | 00430nam a22001577a 4500 | ||
|---|---|---|---|
| 020 | _a9780070078062 | ||
| 040 | _cNUST | ||
| 082 | _a658.562 QUA | ||
| 100 |
_aGitlow, Howard S _985084 |
||
| 110 |
_aOppenheim, Alan J. Oppenheim, Rosa. Levine, David M _9112208 |
||
| 245 | _aQuality Management | ||
| 250 | _a3rd Edition | ||
| 260 |
_aMc Graw Hill: _bNew Dehli, _c2009. |
||
| 650 |
_aQuality Management _961140 |
||
| 942 |
_2ddc _cBK |
||
| 999 |
_c594707 _d594707 |
||